| 000 | 00500nam a2200193Ia 4500 | ||
|---|---|---|---|
| 005 | 20240321132717.0 | ||
| 008 | 131103s9999 xx 000 0 und d | ||
| 040 | _aLoreto College | ||
| 041 | _aEnglish | ||
| 082 |
_a150 _bMCN |
||
| 100 | _aMcNeil, Elton B. | ||
| 245 | 4 |
_aThe Concept Of Human Development _cElton B. Mcneil |
|
| 260 |
_aCalifornia _bWadsworthn publishing _c1968 |
||
| 300 | _axi,82p | ||
| 504 | _aIncludes Index | ||
| 650 | _aPsychology | ||
| 850 | _aLCBED | ||
| 942 | _cBK | ||
| 999 |
_c26861 _d77340 |
||